| 000 | 00373 a2200157 4500 | ||
|---|---|---|---|
| 999 |
_c12830 _d12830 |
||
| 003 | OSt | ||
| 005 | 20240801171617.0 | ||
| 008 | 240801b ||||| |||| 00| 0 eng d | ||
| 020 | _a9781600610851 | ||
| 082 | _a709.252 | ||
| 100 | _a Anne Massey (Author) | ||
| 245 | _aWomen in Design (World of Art) | ||
| 260 |
_bThames & Hudson _c2023 |
||
| 300 | _a246p; | ||
| 942 | _2ddc | ||